• 首页
  • 本馆介绍
  • 公告通知
  • 最新文献
  • 馆藏检索
  • 电子资源
  • 读者导购
  • 参考咨询
  • 我的图书馆
  • 登录
  • 详细信息显示
  • 放入我的书架
  • 预约/预借图书
  • 作者相关作品
  • 分类相关作品
  • 丛书相关作品
  • 出版社相关作品

书目信息

  • 表格格式
  • 工作单格式
  • 卡片格式
题名:
老鹰想飞
    
 
作者: 沈振中 著
分册:  
出版信息: 北京   中国工人出版社  2020.07
页数: 14,199页
开本: 21cm
丛书名:
单 册:
中图分类: I253.7 , Q959.7
科图分类:
主题词: 纪实文学--中国--当代 , 鹰科--普及读物
电子资源:
ISBN: 978-7-5008-7391-4
000 01057nam0 2200289 450
001 0120203019916
005 20201019163447.61
010    @a978-7-5008-7391-4@dCNY46.00
100    @a20200701d2020 em y0chiy50 ea
101 0  @achi
102    @aCN@b110000
105    @aa z 000zy
106    @ar
200 1  @a老鹰想飞@9lao ying xiang fei@b专著@dBlack kite@f沈振中著@zeng
210    @a北京@c中国工人出版社@d2020.07
215    @a14,199页@c照片@d21cm
305    @a由晨星出版有限公司授权出版
330    @a本书记录了老鹰先生沈振中与老鹰初识的故事,他是台湾首位全天候投入老鹰观察的记录者,他为老鹰写日记,春天繁殖季时,奔忙于巢位之间,仔细记录谁向谁求爱?如何求爱?在哪筑巢?何时筑巢?完全忽视花费了的多少心力、时间与体力。如此全心全力的记录,成就了本书。
333    @a对鹰科感兴趣的读者
510 1  @aBlack kite@zeng
606 0  @a纪实文学@y中国@z当代
606 0  @a鹰科@j普及读物
690    @aI253.7@v5
690    @aQ959.7@v5
701  0 @a沈振中@9shen zhen zhong@4著
801  0 @aCN@b人天书店@c20200701
905    @b1288534-37@dI253.7@e1177@f4
    
    老鹰想飞=Black kite/沈振中著.-北京:中国工人出版社,2020.07
    14,199页:照片;21cm
    使用对象:对鹰科感兴趣的读者
    
    ISBN 978-7-5008-7391-4:CNY46.00
    本书记录了老鹰先生沈振中与老鹰初识的故事,他是台湾首位全天候投入老鹰观察的记录者,他为老鹰写日记,春天繁殖季时,奔忙于巢位之间,仔细记录谁向谁求爱?如何求爱?在哪筑巢?何时筑巢?完全忽视花费了的多少心力、时间与体力。如此全心全力的记录,成就了本书。
●
相关链接 在E读中查询图书 在五车中查询图书 在当当中查询图书 在豆瓣中查询图书


正题名:老鹰想飞     索取号:I253.7/1177         预约/预借

序号 登录号 条形码 馆藏地/架位号 状态 备注
1 1288534   212885341   第一样本阅览室/ [索取号:I253.7/1177] 在馆    
2 1288535   212885350   第二借阅区/ [索取号:I253.7/1177] 在馆    
3 1288536   212885369   第二借阅区/ [索取号:I253.7/1177] 在馆    
4 1288537   212885378   第二借阅区/ [索取号:I253.7/1177] 在馆    
唐山师范学院图书馆 欢迎您!
大连网信软件有限公司© 版权所有